| 000 | 00391nam a2200145Ia 4500 | ||
|---|---|---|---|
| 008 | 210716s2009 xx 000 0 und d | ||
| 020 | _a9780143414575 | ||
| 041 | _aeng | ||
| 082 | _a374.22 FERJ | ||
| 100 | _aFerris, Julie. | ||
| 245 | _aAnything ask me- every fact you ever wanted to know. | ||
| 260 |
_aLondon _bDorling Kindersley _c2009 |
||
| 300 | _a303 | ||
| 650 | _aGeneral Knowledge | ||
| 999 |
_c206457 _d206457 |
||